000 00480nam a2200181Ia 4500
005 20260423105945.0
008 260423s9999 xx 000 0 und d
020 _a978-1-259-27721-4
082 _a658.15
_bROS-E
100 _aRoss, Stephen A.
245 0 _aEssentials of Corporate Finance
250 _a9th Ed
260 _aNew York, NY
_bMcGraw-Hill/Irwin
_c2015
300 _a683 p.
500 _aIncludes Subject Index.
650 _aManagement Sciences
942 _cBK
999 _c47379
_d47379